Conor McGregor's UFC career - Statistics

General Stats
  • This quiz has been taken 162 times
  • The average score is 10 of 14
Answer Stats
Hint Answer % Correct
7. December 12, 2015 win by KO at minute 0:13 of the first round. José Aldo
96%
11. October 6, 2018 loss by submision at minute 3:03 of the fourth round. Khabib Numagomedov
96%
14. July 10, 2021 loss by medical stop at minute 5 of the first round. Dustin Poirier
93%
13. January 23, 2021 loss by TKO at minute 2:32 of the second round. Dustin Poirier
93%
4. September 27, 2014 win by KO at minute 1:46 of the first round. Dustin Poirier
93%
9. August 20, 2016 win by mayority decision. Nate Diaz
89%
8. March 5, 2016 loss by submision at minute 4:12 of the second round. Nate Diaz
89%
12. January 18, 2020 win by TKO at minute 0:40 of the first round. Donald Cerrone
85%
10. November 12, 2016 win by TKO at minute 3:04 of the second round. Eddie Alvarez
84%
2. August 17, 2013 win by unanimous decision. Max Holloway
76%
6. July 11, 2015 win by TKO at minute 4:57 of the second round. Chad Mendes
67%
1. April 6, 2013 win by TKO at minute 1:07 of the first round. Marcus Brimage
35%
3. July 19, 2014 win by TKO at minute 4:05 of the first round. Diego Brandão
22%
5. January 18, 2015 win by TKO at minute 1:54 of the second round. Dennis Silver
20%
No matching quizzes found
Score Distribution
Percent of People with Each Score
Percentile by Number Answered
Your Score History
You have not taken this quiz